[Event "25. Copenhagen Open  (Politiken Cup)"]
[Site "Copenhagen"]
[Date "2003.07.14"]
[Round "1"]
[White "Grove, Peter"]
[Black "Flindt, Thomas"]
[Result "0-1"]
[WhiteElo "1577"]
[BlackElo "2134"]
[PlyCount "98"]
[EventDate "2003.07.14"]
[EventType "swiss"]
[EventRounds "11"]
[EventCountry "DEN"]
[SourceDate "2004.01.01"]

1. e4 c5 2. Nf3 Nc6 3. d4 cxd4 4. Nxd4 g6 5. Be3 Bg7 6. Nc3 d6 7. f3 Nf6 8. Qd2
a6 9. O-O-O Qa5 10. Kb1 Bd7 11. g4 b5 12. Be2 b4 13. Nxc6 Bxc6 14. Nd5 Nxd5 15.
exd5 Bb5 16. Bd4 Bxd4 17. Qxd4 O-O 18. Rhe1 Rfc8 19. Bd3 Bxd3 20. Qxd3 Ra7 21.
Re4 Qc5 22. b3 Rac7 23. Rd2 a5 24. Rde2 Qg1+ 25. Kb2 Rc3 26. Qd4 Qxd4 27. Rxd4
R8c5 28. f4 Kf8 29. Rf2 Re3 30. Rdd2 Rh3 31. Rd4 h5 32. f5 gxf5 33. gxf5 f6 34.
Rdd2 Re3 35. Rfe2 Rxe2 36. Rxe2 Rxd5 37. Rf2 Kf7 38. c4 Rd3 39. Kc2 Rc3+ 40.
Kb2 Rh3 41. Kc2 e6 42. Rd2 Ke7 43. Re2 e5 44. Rf2 Kd7 45. Kd2 Kc6 46. Kc2 d5
47. cxd5+ Kxd5 48. Kd2 Ke4 49. Ke2 h4 0-1

[Event "25. Copenhagen Open  (Politiken Cup)"]
[Site "Copenhagen"]
[Date "2003.07.14"]
[Round "1"]
[White "Grubert, Christian"]
[Black "Pedersen, Thomas"]
[Result "1-0"]
[WhiteElo "2168"]
[BlackElo "1671"]
[PlyCount "51"]
[EventDate "2003.07.14"]
[EventType "swiss"]
[EventRounds "11"]
[EventCountry "DEN"]
[SourceDate "2004.01.01"]

1. e4 c5 2. Nc3 e6 3. f4 d5 4. Nf3 c4 5. b3 dxe4 6. Nxe4 Nf6 7. Qe2 Bd7 8. Qxc4
Bc6 9. Bd3 Nbd7 10. Bb2 Rc8 11. Nxf6+ gxf6 12. Be4 Rg8 13. O-O Bd5 14. Qe2 Nb6
15. c4 Bc6 16. d4 h5 17. f5 Bxe4 18. Qxe4 Rg4 19. Qxb7 h4 20. fxe6 fxe6 21. Qh7
f5 22. Ne5 Rg7 23. Qh5+ Ke7 24. Ba3+ Kf6 25. Qh6+ Rg6 26. Qxg6# 1-0

[Event "25. Copenhagen Open  (Politiken Cup)"]
[Site "Copenhagen"]
[Date "2003.07.14"]
[Round "1"]
[White "Hagesaether, Arne"]
[Black "Christensen, Jens"]
[Result "1-0"]
[WhiteElo "2088"]
[BlackElo "1300"]
[PlyCount "82"]
[EventDate "2003.07.14"]
[EventType "swiss"]
[EventRounds "11"]
[EventCountry "DEN"]
[SourceDate "2004.01.01"]

1. e4 c6 2. d4 d5 3. Nd2 dxe4 4. Nxe4 Bf5 5. Ng3 Bg6 6. Nf3 e6 7. Ne5 Nd7 8.
Nxg6 hxg6 9. Bd3 Ngf6 10. c3 Bd6 11. Qf3 Qc7 12. Bd2 O-O-O 13. O-O-O c5 14. Ne2
c4 15. Bc2 Nb6 16. Bf4 Bxf4+ 17. Nxf4 Nbd5 18. Nh3 Rhf8 19. g3 Rd6 20. Rd2 Ra6
21. Bb1 Ne7 22. Re1 Qc6 23. Qe2 Ned5 24. Ng5 b5 25. Rc2 Qc7 26. f4 Rh8 27. Qe5
Rc6 28. Rce2 a5 29. Be4 Rg8 30. Bf3 b4 31. Qxc7+ Rxc7 32. Kc2 Rf8 33. Bg2 Kd8
34. Rxe6 Re7 35. Rxe7 Nxe7 36. Bf1 Nf5 37. Bxc4 Nd6 38. Bd3 Re8 39. Re5 Ng4 40.
Rxa5 Ne3+ 41. Kb3 bxc3 1-0

[Event "25. Copenhagen Open  (Politiken Cup)"]
[Site "Copenhagen"]
[Date "2003.07.14"]
[Round "1"]
[White "Hansen, Alexei"]
[Black "Gullaksen, Eirik T"]
[Result "0-1"]
[WhiteElo "1973"]
[BlackElo "2359"]
[PlyCount "86"]
[EventDate "2003.07.14"]
[EventType "swiss"]
[EventRounds "11"]
[EventCountry "DEN"]
[SourceDate "2004.01.01"]

1. e4 c5 2. Nf3 Nc6 3. d4 cxd4 4. Nxd4 Nf6 5. Nc3 e5 6. Ndb5 d6 7. Bg5 a6 8.
Na3 b5 9. Nd5 Be7 10. Bxf6 Bxf6 11. c3 Ne7 12. Nxe7 Bxe7 13. Bd3 Bb7 14. Qg4
O-O 15. O-O d5 16. Rad1 Bxa3 17. bxa3 Qc8 18. Qh4 dxe4 19. Bxe4 Bxe4 20. Qxe4
Qxc3 21. Qb4 Qxb4 22. axb4 Rfd8 23. f3 f6 24. a4 Rac8 25. Rxd8+ Rxd8 26. a5 Rd4
27. Rc1 g5 28. Rc6 Kg7 29. Rxa6 Rxb4 30. Rb6 h5 31. h3 Kg6 32. g4 h4 33. a6 Ra4
34. Rxb5 Rxa6 35. Kg2 Kf7 36. Rb4 Ke6 37. Rb5 Kd6 38. Rb7 Kd5 39. Rb5+ Kd4 40.
Rb7 Ra2+ 41. Kg1 Ke3 42. Rb3+ Kf4 43. Rb4+ Kg3 0-1

[Event "25. Copenhagen Open  (Politiken Cup)"]
[Site "Copenhagen"]
[Date "2003.07.14"]
[Round "1"]
[White "Hansen, Anders"]
[Black "Petersen, Nils"]
[Result "1-0"]
[WhiteElo "2044"]
[BlackElo "2009"]
[PlyCount "59"]
[EventDate "2003.07.14"]
[EventType "swiss"]
[EventRounds "11"]
[EventCountry "DEN"]
[SourceDate "2004.01.01"]

1. d4 Nf6 2. c4 e6 3. Nf3 b6 4. g3 Bb7 5. Bg2 Be7 6. Nc3 Ne4 7. Bd2 O-O 8. d5
Nxc3 9. Bxc3 d6 10. dxe6 fxe6 11. Qd4 e5 12. Qg4 Qc8 13. Qxc8 Rxc8 14. Bh3 Rd8
15. Be6+ Kf8 16. O-O c6 17. Nd2 Bf6 18. Ne4 Ke7 19. Bf5 d5 20. cxd5 Rxd5 21.
Bxh7 Nd7 22. Bf5 Rd8 23. Rad1 Ba6 24. Rxd5 cxd5 25. Bb4+ Kf7 26. Nd6+ Kg8 27.
Be6+ Kh7 28. Nf7 Rc8 29. Bxd7 Rc2 30. Bf5+ 1-0

[Event "25. Copenhagen Open  (Politiken Cup)"]
[Site "Copenhagen"]
[Date "2003.07.14"]
[Round "1"]
[White "Hansen, Jens Martin"]
[Black "Simonsen, Hans Kristian"]
[Result "0-1"]
[WhiteElo "1731"]
[BlackElo "2233"]
[PlyCount "110"]
[EventDate "2003.07.14"]
[EventType "swiss"]
[EventRounds "11"]
[EventCountry "DEN"]
[SourceDate "2004.01.01"]

1. e4 e6 2. d3 d5 3. Nd2 c5 4. Ngf3 Nc6 5. g3 Nge7 6. Bg2 g6 7. O-O Bg7 8. Re1
b6 9. exd5 exd5 10. d4 O-O 11. dxc5 bxc5 12. c3 Rb8 13. Nb3 d4 14. cxd4 cxd4
15. Bg5 Be6 16. Bxe7 Qxe7 17. Nfxd4 Nxd4 18. Nxd4 Qf6 19. Nxe6 fxe6 20. f4 Rfd8
21. Qa4 Qxb2 22. Rad1 Rd2 23. Rxd2 Qxd2 24. Qe4 Qxa2 25. Qxe6+ Qxe6 26. Rxe6
Rb2 27. Kf1 Bc3 28. Bd5 Kf8 29. Re2 Bd2 30. h4 a5 31. Re4 Kg7 32. g4 Bb4 33.
Bc6 Kf6 34. Rd4 Bc5 35. g5+ Ke6 36. Bd7+ Ke7 37. Rc4 Bd6 38. Ba4 Rh2 39. f5
Rxh4 40. f6+ Kf8 41. Rc8+ Kf7 42. Rc4 Rh1+ 43. Kg2 Rb1 44. Rd4 Rb4 45. Rxb4
Bxb4 46. Kg3 Be1+ 47. Kh3 Bd2 48. Kh4 h6 49. gxh6 Bxh6 50. Bd1 Kxf6 51. Kg4 Bc1
52. Kf3 Ke5 53. Ke2 Kd4 54. Bc2 g5 55. Kd1 Bf4 0-1

[Event "25. Copenhagen Open  (Politiken Cup)"]
[Site "Copenhagen"]
[Date "2003.07.14"]
[Round "1"]
[White "Hansen, Rene Rauer"]
[Black "Jussupow, Artur"]
[Result "0-1"]
[WhiteElo "2055"]
[BlackElo "2583"]
[PlyCount "70"]
[EventDate "2003.07.14"]
[EventType "swiss"]
[EventRounds "11"]
[EventCountry "DEN"]
[SourceDate "2004.01.01"]

1. d4 d5 2. Nf3 c6 3. c4 e6 4. e3 f5 5. Nc3 Nf6 6. cxd5 exd5 7. Ne5 Nbd7 8. f4
Nxe5 9. fxe5 Ne4 10. Nxe4 fxe4 11. Bd2 Qg5 12. Qb3 Be7 13. O-O-O O-O 14. Kb1 a5
15. a4 Bb4 16. Bxb4 axb4 17. Re1 Qe7 18. Be2 Rf2 19. Rhg1 Be6 20. h3 Raf8 21.
Qd1 b6 22. Bg4 c5 23. Bxe6+ Qxe6 24. Ref1 h6 25. Rxf2 Rxf2 26. Qe1 Rf8 27. b3
Rc8 28. Qd2 cxd4 29. Qxd4 Rc3 30. Qxb4 Rxe3 31. Rc1 d4 32. Qxd4 Rxb3+ 33. Kc2
Rd3 34. Qb2 Qd5 35. Qb4 Qa2+ 0-1

[Event "25. Copenhagen Open  (Politiken Cup)"]
[Site "Copenhagen"]
[Date "2003.07.14"]
[Round "1"]
[White "Harstad, Christian"]
[Black "Byklum, Bjornar"]
[Result "0-1"]
[WhiteElo "1714"]
[BlackElo "2214"]
[PlyCount "44"]
[EventDate "2003.07.14"]
[EventType "swiss"]
[EventRounds "11"]
[EventCountry "DEN"]
[SourceDate "2004.01.01"]

1. d4 Nf6 2. Nf3 c5 3. c4 cxd4 4. Nxd4 e5 5. Nb5 d5 6. cxd5 Bc5 7. N1c3 a6 8.
Qa4 O-O 9. b4 axb5 10. Qxa8 Bxb4 11. Bd2 Na6 12. a4 Qa5 13. Rc1 Nxd5 14. axb5
Bxc3 15. Rxc3 Nxc3 16. f3 Qa1+ 17. Kf2 Nxb5 18. e4 Nbc7 19. Qa7 Qd4+ 20. Qxd4
exd4 21. Bd3 Nc5 22. Bc4 Be6 0-1

[Event "25. Copenhagen Open  (Politiken Cup)"]
[Site "Copenhagen"]
[Date "2003.07.14"]
[Round "1"]
[White "Hartung Nielsen, Jens"]
[Black "Madsen, Gert Medom"]
[Result "1-0"]
[WhiteElo "2233"]
[BlackElo "1734"]
[PlyCount "57"]
[EventDate "2003.07.14"]
[EventType "swiss"]
[EventRounds "11"]
[EventCountry "DEN"]
[SourceDate "2004.01.01"]

1. d4 g6 2. Nf3 Bg7 3. c4 d6 4. Nc3 Nf6 5. e4 O-O 6. Be2 Nbd7 7. O-O e5 8. Be3
Ng4 9. Bg5 f6 10. Bh4 Nh6 11. dxe5 dxe5 12. Qd5+ Nf7 13. c5 c6 14. Qc4 a5 15.
Na4 Qe7 16. Rfd1 Re8 17. Qc2 Bf8 18. Rac1 Bh6 19. Nd2 Nd8 20. Rb1 Bxd2 21. Rxd2
Ne6 22. Bc4 Kg7 23. Bxe6 Qxe6 24. Rbd1 Re7 25. Rd6 Qg4 26. Nb6 Rb8 27. Nxd7
Rxd7 28. Bxf6+ Kg8 29. h3 1-0

[Event "25. Copenhagen Open  (Politiken Cup)"]
[Site "Copenhagen"]
[Date "2003.07.14"]
[Round "1"]
[White "Henrichsen, Jens"]
[Black "Nielsen, Poul Bang"]
[Result "1-0"]
[WhiteElo "2076"]
[BlackElo "1100"]
[PlyCount "71"]
[EventDate "2003.07.14"]
[EventType "swiss"]
[EventRounds "11"]
[EventCountry "DEN"]
[SourceDate "2004.01.01"]

1. d4 f5 2. g3 d6 3. Nf3 Nf6 4. Bg2 Nc6 5. c4 g6 6. Nc3 Bg7 7. d5 Ne5 8. Nd4
O-O 9. b3 Bd7 10. O-O c5 11. dxc6 Nxc6 12. Bb2 Nxd4 13. Qxd4 Bc6 14. Rad1 Bxg2
15. Kxg2 Ne4 16. Qd5+ Kh8 17. Nxe4 fxe4 18. Bxg7+ Kxg7 19. Qxe4 Qd7 20. c5 Rae8
21. Qd4+ Rf6 22. cxd6 Qxd6 23. Qxa7 Qc6+ 24. Kg1 Ref8 25. Qd4 Qc2 26. Rd2 Qf5
27. Qd5 Qc8 28. Qd7 Qc5 29. e3 R8f7 30. Qxb7 Qc3 31. Qd7 Rd6 32. Rxd6 exd6 33.
Qxd6 Qc2 34. Qd1 Qxa2 35. Qa1+ Qxa1 36. Rxa1 1-0

[Event "25. Copenhagen Open  (Politiken Cup)"]
[Site "Copenhagen"]
[Date "2003.07.14"]
[Round "1"]
[White "Hou, Mads"]
[Black "Knudsen, Jes West"]
[Result "0-1"]
[WhiteElo "1300"]
[BlackElo "2015"]
[PlyCount "70"]
[EventDate "2003.07.14"]
[EventType "swiss"]
[EventRounds "11"]
[EventCountry "DEN"]
[SourceDate "2004.01.01"]

1. e3 f5 2. d4 Nf6 3. Nf3 g6 4. c4 Bg7 5. Nc3 d6 6. b4 O-O 7. Bb2 a5 8. a3 h6
9. Bd3 g5 10. Qc2 axb4 11. axb4 Rxa1+ 12. Bxa1 Nc6 13. Qb1 Nh7 14. b5 Na5 15.
Qa2 b6 16. c5+ e6 17. c6 g4 18. Nd2 f4 19. Rf1 fxe3 20. fxe3 Qh4+ 21. Kd1 Qxh2
22. Rxf8+ Nxf8 23. Be4 Qg1+ 24. Ke2 d5 25. Nxd5 exd5 26. Bxd5+ Kh8 27. Bc3 g3
28. Bxa5 Qf2+ 29. Kd3 Bf5+ 30. e4 Bg4 31. Bc3 Qxg2 32. Kc2 Qe2 33. Qa1 g2 34.
Qg1 Qd1+ 35. Qxd1 Bxd1+ 0-1

[Event "25. Copenhagen Open  (Politiken Cup)"]
[Site "Copenhagen"]
[Date "2003.07.14"]
[Round "1"]
[White "Hovmoller, Kristian"]
[Black "Hesselberg, Leif"]
[Result "1-0"]
[WhiteElo "2302"]
[BlackElo "1913"]
[PlyCount "105"]
[EventDate "2003.07.14"]
[EventType "swiss"]
[EventRounds "11"]
[EventCountry "DEN"]
[SourceDate "2004.01.01"]

1. d4 d5 2. c4 dxc4 3. Nf3 Nf6 4. e3 e6 5. Bxc4 Be7 6. O-O O-O 7. Qe2 c5 8.
dxc5 Bxc5 9. a3 a6 10. b4 Be7 11. Rd1 Qc7 12. Bb2 b5 13. Bd3 Bb7 14. Nbd2 Nbd7
15. Rac1 Qb8 16. Nb3 Ng4 17. Bxh7+ Kxh7 18. Rxd7 Bxf3 19. Qxf3 Qxh2+ 20. Kf1
Bf6 21. Bxf6 Nxf6 22. Rdd1 Rfd8 23. Nd4 Rac8 24. g3 Qh5 25. Qxh5+ Nxh5 26. Ke2
Nf6 27. Nb3 Kg6 28. Rxd8 Rxd8 29. Rc6 Ra8 30. f3 Ra7 31. e4 Ne8 32. Ke3 Kf6 33.
Rb6 Ke7 34. Na5 Kd7 35. e5 Nc7 36. Rd6+ Kc8 37. Nc6 Ra8 38. Nd8 Nd5+ 39. Kd4
Ra7 40. Nc6 Rc7 41. f4 Nb6 42. Na5 Nc4 43. Rxa6 Nxa3 44. Rc6 Rxc6 45. Nxc6 Kc7
46. Kc5 f6 47. Nd4 fxe5 48. fxe5 Kd7 49. Nxb5 Nc2 50. Nd4 Ne3 51. b5 Ng4 52.
Nc6 Ne3 53. b6 1-0

[Event "25. Copenhagen Open  (Politiken Cup)"]
[Site "Copenhagen"]
[Date "2003.07.14"]
[Round "1"]
[White "Jacobsen, Claus"]
[Black "Marder, Simon"]
[Result "0-1"]
[WhiteElo "1075"]
[BlackElo "2067"]
[PlyCount "52"]
[EventDate "2003.07.14"]
[EventType "swiss"]
[EventRounds "11"]
[EventCountry "DEN"]
[SourceDate "2004.01.01"]

1. e4 e6 2. Bc4 d5 3. exd5 exd5 4. Bb3 c6 5. d4 Bd6 6. Ne2 Qh4 7. Ng3 Ne7 8.
Qe2 Qxd4 9. Nf5 Bxf5 10. O-O Nd7 11. Nc3 Bg4 12. Qe3 Qxe3 13. Bxe3 O-O 14. Rae1
Rfe8 15. f3 Be6 16. Bd4 a6 17. Ne2 c5 18. Bf2 c4 19. Nd4 Nc5 20. Bxc4 dxc4 21.
Nxe6 Nxe6 22. Re4 b5 23. Rg4 f5 24. Rh4 Rad8 25. c3 Nf4 26. Bg3 Neg6 0-1

[Event "25. Copenhagen Open  (Politiken Cup)"]
[Site "Copenhagen"]
[Date "2003.07.14"]
[Round "1"]
[White "Jensen, Jonbert"]
[Black "Klitgaard, Thomas"]
[Result "0-1"]
[WhiteElo "1376"]
[BlackElo "2098"]
[PlyCount "66"]
[EventDate "2003.07.14"]
[EventType "swiss"]
[EventRounds "11"]
[EventCountry "DEN"]
[SourceDate "2004.01.01"]

1. e4 e5 2. Nf3 Nc6 3. Bb5 a6 4. Bxc6 dxc6 5. Nxe5 Qd4 6. Nxf7 Qxe4+ 7. Qe2
Qxe2+ 8. Kxe2 Kxf7 9. Re1 Nf6 10. b3 Bd6 11. h3 Bf5 12. d3 Rae8+ 13. Kf1 Be5
14. g4 Bxg4 15. hxg4 Bxa1 16. f3 Bd4 17. c3 Bc5 18. b4 Bd6 19. Na3 Nd5 20. Bd2
Bf4 21. Bxf4 Nxf4 22. Rd1 Re2 23. Nc4 Rhe8 24. a4 Rh2 25. Rd2 Rxd2 26. Nxd2
Nxd3 27. Ne4 Rxe4 28. fxe4 Ke6 29. Ke2 Nb2 30. a5 Ke5 31. Ke3 Nc4+ 32. Kf3 Nd2+
33. Ke3 Nxe4 0-1

[Event "25. Copenhagen Open  (Politiken Cup)"]
[Site "Copenhagen"]
[Date "2003.07.14"]
[Round "1"]
[White "Johannessen, Leif Erlend"]
[Black "Hasling, Rolf Hjortkjaer"]
[Result "1-0"]
[WhiteElo "2525"]
[BlackElo "2040"]
[PlyCount "61"]
[EventDate "2003.07.14"]
[EventType "swiss"]
[EventRounds "11"]
[EventCountry "DEN"]
[SourceDate "2004.01.01"]

1. d4 d5 2. c4 c6 3. Nf3 e6 4. Nc3 dxc4 5. a4 Bb4 6. e3 b5 7. Bd2 Bb7 8. axb5
Bxc3 9. Bxc3 cxb5 10. b3 a5 11. bxc4 b4 12. Bb2 Nf6 13. Bd3 Nbd7 14. O-O O-O
15. Re1 Qc7 16. e4 e5 17. c5 Rfe8 18. Rc1 Ba6 19. c6 Nb6 20. Bxa6 Rxa6 21. dxe5
Ng4 22. h3 Nh6 23. Nd4 Rxe5 24. Qd3 Ra8 25. Nb5 Rxb5 26. Qxb5 f6 27. e5 Nf7 28.
exf6 Nd6 29. Qg5 Re8 30. Rxe8+ Nxe8 31. Re1 1-0

[Event "25. Copenhagen Open  (Politiken Cup)"]
[Site "Copenhagen"]
[Date "2003.07.14"]
[Round "1"]
[White "Johansen, Anders Sten"]
[Black "Lilja, Richard"]
[Result "1-0"]
[WhiteElo "1590"]
[BlackElo "2137"]
[PlyCount "66"]
[EventDate "2003.07.14"]
[EventType "swiss"]
[EventRounds "11"]
[EventCountry "DEN"]
[SourceDate "2004.01.01"]

1. e4 e5 2. Nf3 Nc6 3. Bb5 Nf6 4. O-O Nxe4 5. d4 Nd6 6. dxe5 Nxb5 7. a4 d6 8.
Re1 Nbd4 9. Nxd4 dxe5 10. Nxc6 Qxd1 11. Rxd1 bxc6 12. Re1 f6 13. f4 Bd6 14.
fxe5 fxe5 15. Bf4 O-O 16. Bg3 Rb8 17. b3 Bf5 18. Na3 Bc5+ 19. Kh1 Bxa3 20. Rxa3
Bxc2 21. Bxe5 Rbe8 22. Kg1 c5 23. Raa1 Bxb3 24. Bxc7 Rxe1+ 25. Rxe1 Bxa4 26.
Bd6 c4 27. Bxf8 Kxf8 28. Ra1 Be8 29. Rxa7 Bg6 30. Rc7 Bd3 31. Kf2 h6 32. Kf3 g6
33. h4 h5 1-0

[Event "25. Copenhagen Open  (Politiken Cup)"]
[Site "Copenhagen"]
[Date "2003.07.14"]
[Round "1"]
[White "Johansson, Thomas"]
[Black "Pedersen, Kenneth"]
[Result "1/2-1/2"]
[WhiteElo "2231"]
[BlackElo "1728"]
[PlyCount "125"]
[EventDate "2003.07.14"]
[EventType "swiss"]
[EventRounds "11"]
[EventCountry "DEN"]
[SourceDate "2004.01.01"]

1. e4 c5 2. Nc3 d6 3. g3 Nc6 4. Bg2 g6 5. d3 Bg7 6. Be3 e5 7. f4 Nge7 8. Nf3
Bg4 9. h3 Bxf3 10. Qxf3 Nd4 11. Qd1 f5 12. O-O O-O 13. Qd2 Qd7 14. Nd1 Rab8 15.
c3 Ne6 16. Nf2 d5 17. exd5 Nxd5 18. fxe5 Bxe5 19. Bh6 Bg7 20. Bxg7 Kxg7 21. d4
cxd4 22. cxd4 Rbc8 23. Nd3 Nf6 24. Nf4 Nxf4 25. Rxf4 Rfd8 26. d5 Qd6 27. Qd4
Qc5 28. Re1 Kf7 29. g4 Qxd4+ 30. Rxd4 fxg4 31. hxg4 Rd6 32. g5 Nh5 33. Rde4 Rc7
34. Rf1+ Kg7 35. Re8 Rf7 36. Rc1 h6 37. gxh6+ Kxh6 38. Rf1 Rxf1+ 39. Kxf1 b6
40. Re7 a5 41. Rc7 Kg5 42. Rc6 Ng3+ 43. Ke1 Nf5 44. Be4 Rf6 45. Kd2 Nd4 46. Rc4
Nb5 47. Kd3 Nd6 48. Rc6 Kf4 49. Bh1 Ne8 50. Rc4+ Kg5 51. Rc2 Rf4 52. Rc6 Rf6
53. a4 Rxc6 54. dxc6 Nc7 55. Kc4 Kf6 56. b4 axb4 57. Kxb4 Ke5 58. a5 bxa5+ 59.
Kxa5 Kd6 60. Kb6 g5 61. Bf3 Ne8 62. Bg4 Nc7 63. Bh5 1/2-1/2

[Event "25. Copenhagen Open  (Politiken Cup)"]
[Site "Copenhagen"]
[Date "2003.07.14"]
[Round "1"]
[White "Johnson, Bjrn"]
[Black "Dalso, Harry"]
[Result "1-0"]
[WhiteElo "2256"]
[BlackElo "1802"]
[PlyCount "63"]
[EventDate "2003.07.14"]
[EventType "swiss"]
[EventRounds "11"]
[EventCountry "DEN"]
[SourceDate "2004.01.01"]

1. f4 d5 2. Nf3 g6 3. e3 Bg7 4. Be2 Nf6 5. O-O O-O 6. d3 c6 7. Qe1 Nbd7 8. Nc3
Re8 9. Qg3 Nh5 10. Qh4 Bf6 11. Qf2 Ng7 12. Ne5 Nf5 13. e4 dxe4 14. dxe4 Ng7 15.
Nxd7 Bxc3 16. bxc3 Bxd7 17. f5 gxf5 18. Rb1 b5 19. exf5 Bxf5 20. Bd3 Bxd3 21.
Qxf7+ Kh8 22. Bh6 Rg8 23. cxd3 Qxd3 24. Rbe1 Qg6 25. Qxg6 hxg6 26. Rf7 Rae8 27.
g4 a5 28. Re3 e5 29. Rh3 Nh5 30. gxh5 g5 31. Rd3 Re6 32. Bf8 1-0

[Event "25. Copenhagen Open  (Politiken Cup)"]
[Site "Copenhagen"]
[Date "2003.07.14"]
[Round "1"]
[White "Jorgensen, Dennis"]
[Black "Lisdorf, Bjorn"]
[Result "1-0"]
[WhiteElo "2104"]
[BlackElo "1398"]
[PlyCount "61"]
[EventDate "2003.07.14"]
[EventType "swiss"]
[EventRounds "11"]
[EventCountry "DEN"]
[SourceDate "2004.01.01"]

1. Nf3 c5 2. c4 b6 3. g3 Bb7 4. Bg2 g6 5. Nc3 Bg7 6. O-O Nf6 7. Re1 O-O 8. e4
d6 9. d4 cxd4 10. Nxd4 Nbd7 11. b3 Ne5 12. Bb2 Rc8 13. Qe2 Qd7 14. h3 Rfd8 15.
Rad1 Nh5 16. Kh2 Nc6 17. Nxc6 Bxc6 18. f4 e5 19. f5 Bh6 20. Rf1 Nxg3 21. Kxg3
Bf4+ 22. Kf2 gxf5 23. Kg1 Kh8 24. Nd5 Bxd5 25. Rxd5 f6 26. Rxf4 exf4 27. Bxf6+
Kg8 28. Rxf5 Rf8 29. Qg4+ Kf7 30. Bg7+ Ke6 31. Rxf8+ 1-0

[Event "25. Copenhagen Open  (Politiken Cup)"]
[Site "Copenhagen"]
[Date "2003.07.14"]
[Round "1"]
[White "Kaaber Hansen, Jacob"]
[Black "Koneru, Humpy"]
[Result "0-1"]
[WhiteElo "2032"]
[BlackElo "2468"]
[PlyCount "54"]
[EventDate "2003.07.14"]
[EventType "swiss"]
[EventRounds "11"]
[EventCountry "DEN"]
[SourceDate "2004.01.01"]

1. d4 Nf6 2. c4 e6 3. Nf3 b6 4. g3 Ba6 5. b3 Bb4+ 6. Bd2 Be7 7. Bg2 d5 8. O-O
O-O 9. Bc3 c6 10. Nbd2 Nbd7 11. Re1 Bb7 12. e4 a5 13. Qc2 Rc8 14. a3 Qc7 15. b4
axb4 16. axb4 Nxe4 17. Nxe4 dxe4 18. Nd2 f5 19. f3 e5 20. dxe5 Nxe5 21. fxe4 f4
22. Ra7 f3 23. Re3 fxg2 24. Bxe5 Qxe5 25. Rxb7 Bg5 26. Rd3 Bxd2 27. Rxd2 Qa1+
0-1

[Event "25. Copenhagen Open  (Politiken Cup)"]
[Site "Copenhagen"]
[Date "2003.07.14"]
[Round "1"]
[White "Kallio, Heikki"]
[Black "Olsen, Miriam Frida"]
[Result "1-0"]
[WhiteElo "2471"]
[BlackElo "2036"]
[PlyCount "53"]
[EventDate "2003.07.14"]
[EventType "swiss"]
[EventRounds "11"]
[EventCountry "DEN"]
[SourceDate "2004.01.01"]

1. f4 d5 2. Nf3 Nf6 3. e3 Bg4 4. h3 Bxf3 5. Qxf3 e6 6. Be2 Bd6 7. Nc3 c6 8. g4
e5 9. fxe5 Bxe5 10. d4 Bd6 11. g5 Nfd7 12. e4 Be7 13. exd5 Bxg5 14. Qe4+ Kf8
15. Qf5 Bxc1 16. Rxc1 Qh4+ 17. Qf2 Qxf2+ 18. Kxf2 f5 19. Bf3 Nf6 20. Rhe1 Kf7
21. Re5 g6 22. Rce1 Re8 23. b4 a5 24. b5 Rxe5 25. dxe5 Nxd5 26. Bxd5+ cxd5 27.
Nxd5 1-0

[Event "25. Copenhagen Open  (Politiken Cup)"]
[Site "Copenhagen"]
[Date "2003.07.14"]
[Round "1"]
[White "Knudsen, Erik"]
[Black "Poulsen, Morten Kjaer"]
[Result "0-1"]
[WhiteElo "1105"]
[BlackElo "2079"]
[PlyCount "46"]
[EventDate "2003.07.14"]
[EventType "swiss"]
[EventRounds "11"]
[EventCountry "DEN"]
[SourceDate "2004.01.01"]

1. d4 Nf6 2. Nf3 d5 3. Bf4 c5 4. c3 Nc6 5. Nbd2 cxd4 6. cxd4 Bf5 7. e3 Qb6 8.
Qb3 Nb4 9. Rc1 Nc2+ 10. Rxc2 Qxb3 11. Nxb3 Bxc2 12. Bb5+ Kd8 13. Nc5 a6 14. Bd3
Bxd3 15. Nxd3 e6 16. Ke2 Nh5 17. Be5 f6 18. Bg3 Nxg3+ 19. hxg3 Bd6 20. Rc1 Kd7
21. e4 dxe4 22. Nc5+ Bxc5 23. Rxc5 exf3+ 0-1

[Event "25. Copenhagen Open  (Politiken Cup)"]
[Site "Copenhagen"]
[Date "2003.07.14"]
[Round "1"]
[White "Korolev, Nikolaj"]
[Black "Auchenberg, Einar"]
[Result "1-0"]
[WhiteElo "2117"]
[BlackElo "1549"]
[PlyCount "119"]
[EventDate "2003.07.14"]
[EventType "swiss"]
[EventRounds "11"]
[EventCountry "DEN"]
[SourceDate "2004.01.01"]

1. e4 e5 2. Nf3 Nc6 3. Bb5 Nf6 4. O-O Bc5 5. c3 a6 6. Bxc6 bxc6 7. Nxe5 Nxe4 8.
d4 Be7 9. Qg4 Ng5 10. Qe2 O-O 11. f4 f6 12. fxg5 fxe5 13. Rxf8+ Qxf8 14. Qxe5
Bd6 15. Qe2 c5 16. d5 Bb7 17. c4 Re8 18. Qd1 Re4 19. Nd2 Rh4 20. g3 Rd4 21. Qe2
Qe7 22. Qxe7 Bxe7 23. h4 c6 24. dxc6 Bxc6 25. b3 Bd6 26. Kf2 Rd3 27. Nf1 Be5
28. Rb1 Be4 29. Bf4 Rf3+ 30. Ke2 Bxf4 31. gxf4 Rxf4 32. Rd1 Bc6 33. h5 Rf5 34.
Rd3 Rxg5 35. Ng3 h6 36. a3 d5 37. Kf2 d4 38. b4 Kf7 39. bxc5 Rg4 40. Ne2 Rg2+
41. Ke1 Rg5 42. Nf4 Rxc5 43. Rxd4 Re5+ 44. Kd2 Ra5 45. Rd3 Be4 46. Rc3 Kf6 47.
c5 Ke5 48. Ke3 Ra4 49. Ne2 Bc6 50. Nc1 Re4+ 51. Kd2 Rh4 52. Nb3 Rxh5 53. Re3+
Be4 54. c6 Rh2+ 55. Kd1 Kf4 56. Rxe4+ Kxe4 57. c7 Kd3 58. Nc1+ Ke3 59. c8=Q
Rh1+ 60. Kc2 1-0

[Event "25. Copenhagen Open  (Politiken Cup)"]
[Site "Copenhagen"]
[Date "2003.07.14"]
[Round "1"]
[White "Kristjansson, Atli Freyr"]
[Black "Busk, Casper"]
[Result "0-1"]
[WhiteElo "1560"]
[BlackElo "2126"]
[PlyCount "86"]
[EventDate "2003.07.14"]
[EventType "swiss"]
[EventRounds "11"]
[EventCountry "DEN"]
[SourceDate "2004.01.01"]

1. e4 c5 2. Nf3 d6 3. d4 cxd4 4. Nxd4 Nf6 5. Nc3 a6 6. Bg5 e6 7. f4 Qb6 8. Nb3
Be7 9. Be2 Nbd7 10. Qd2 O-O 11. O-O-O Qc7 12. Bf3 Ra7 13. Nd4 Nc5 14. g4 h6 15.
h4 Bd7 16. Bxf6 Bxf6 17. g5 Be7 18. f5 Kh7 19. Rdg1 Raa8 20. Bh5 g6 21. fxg6+
fxg6 22. Bxg6+ Kxg6 23. gxh6+ Kf7 24. Rg7+ Ke8 25. h7 Bf6 26. Qh6 Bxd4 27. Qh5+
Kd8 28. h8=Q Bxg7 29. Qxg7 Re8 30. Qhf7 Qc6 31. h5 Rc8 32. Rh2 Kc7 33. h6 Rh8
34. h7 Kb8 35. Qd4 Qb6 36. Qfg7 e5 37. Qd2 Rcf8 38. Qdg2 Na4 39. Nxa4 Qe3+ 40.
Kd1 Bxa4 41. Rh3 Bxc2+ 42. Kxc2 Rc8+ 43. Kd1 Rc1# 0-1

[Event "25. Copenhagen Open  (Politiken Cup)"]
[Site "Copenhagen"]
[Date "2003.07.14"]
[Round "1"]
[White "Lahlum, Hans Olav"]
[Black "Jensen, Benjamin Lau"]
[Result "1-0"]
[WhiteElo "2202"]
[BlackElo "1699"]
[PlyCount "61"]
[EventDate "2003.07.14"]
[EventType "swiss"]
[EventRounds "11"]
[EventCountry "DEN"]
[SourceDate "2004.01.01"]

1. d4 Nf6 2. c4 c5 3. d5 b5 4. cxb5 a6 5. f3 axb5 6. e4 Qa5+ 7. Bd2 Qb6 8. Qb3
b4 9. Na3 d6 10. Nc4 Qc7 11. Bf4 Nh5 12. Be3 g6 13. Bd3 Bg7 14. Ne2 Bd7 15. Qc2
Ba4 16. Qc1 Nd7 17. g4 Nhf6 18. a3 b3 19. Bh6 O-O 20. h4 Nb6 21. h5 Nxc4 22.
Bxc4 gxh5 23. Qg5 Ne8 24. Qxh5 f6 25. Bxg7 Nxg7 26. Qxh7+ Kf7 27. Nf4 Rg8 28.
Qg6+ Kf8 29. Rh7 Be8 30. Qxg7+ Rxg7 31. Ne6+ 1-0